Schaum's outline of theory and problems of accounting II
Αποθηκεύτηκε σε:
| Κύριος συγγραφέας: | |
|---|---|
| Άλλοι συγγραφείς: | |
| Μορφή: | Βιβλίο |
| Γλώσσα: | English |
| Δημοσίευση: |
New York :
McGraw-Hill,
c1981
|
| Έκδοση: | 2nd ed. |
| Σειρά: | Schaum's outline series in accounting
|
| Θέματα: | |
| Ετικέτες: |
Προσθήκη ετικέτας
Δεν υπάρχουν, Καταχωρήστε ετικέτα πρώτοι!
|
MARC
| LEADER | 00000cam a2200000 i 4500 | ||
|---|---|---|---|
| 001 | 1/59305 | ||
| 008 | 960311s1981 eng d | ||
| 020 | |a 007010252X ((pbk.)) |c $4.95 | ||
| 035 | |l 10028516 | ||
| 040 | |a GR-MY-UA |b gre |e aacr | ||
| 041 | 0 | |a eng | |
| 082 | 0 | |a 657.42076 | |
| 100 | 1 | |a Cashin, James A. | |
| 245 | 1 | 0 | |a Schaum's outline of theory and problems of accounting II / |c by James A. Cashin and Joel J. Lerner |
| 246 | 3 | 3 | |a Accounting 2 |
| 250 | |a 2nd ed. | ||
| 260 | |a New York : |b McGraw-Hill, |c c1981 | ||
| 300 | |a 278 σ.; |c 28 εκ. | ||
| 490 | 1 | |a Schaum's outline series in accounting | |
| 490 | 1 | |a Schaum's outline series | |
| 504 | |a Περιλαμβάνει ευρετήριο | ||
| 650 | 0 | 0 | |a Accounting |x Problems, exercises, etc. |
| 700 | 1 | |a Lerner, Joel J. | |
| 830 | 0 | |a Schaum's outline series in accounting | |
| 852 | |a INST |b CHIOS |e 19960410 |h 657.42076 CAS |p 005200000372 |q 005200000372 |t BK |y 0 | ||
| 852 | |a INST |b CHIOS |e 19960311 |h 657.42076 CAS |p 005200004787 |q 005200004787 |t BK |y 0 | ||
| 909 | |a Χ |b 000775 | ||
| 909 | |a Χ |b 005781 | ||